000 02514nam a2200361 i 4500
001 768714001
003 CO-MdFUSB
005 20240618062722.0
007 ta
008 211006t1996 -usd|||| |||| 00| 0 eng d
020 _a1570750858
040 _aCO-MdFUSB
_bspa
_cCO-MdFUSB
_dCO-MdFUSBC
_erda
041 _aeng
082 _223
_a266.001
_bK89
100 _aKraft, Charles H.,
_eautor
245 _aAnthropology for Christian witness
_c/ Charles H. Kraft
264 1 _aMaryknoll, N.Y. :
_bOrbis Books,
_c[1996]
264 4 _c© 1996
300 _a493 páginas
_c; 26 cm
336 _2rdacontent
_atexto
_btxt
337 _2rdamedia
_asin mediación
_bn
338 _2rdacarrier
_avolumen
_bnc
505 _a¿Por qué la antropología para testigos transculturales? - Realidad, percepción y mapeo mental. -- Perspectiva de la cultura. -- Perspectiva de la cosmovisión. -- Perspectiva transcultural. -- Dios, cultura y seres humanos. -- Seres humanos y raza. -- Modelo de cultura. -- Formas y significados. -- Individuo y cultura. -- Cultura material y tecnología. -- Cultura económica y tecnología. -- Creencias religiosas y tecnología - Ciclo de vida - Comunicación: Idioma - Comunicación: Más allá del idioma - Educación - Familia - Estado y función - Agrupación - Control social - Estabilidad y cambio - Barreras y facilitadores del cambio -- Defensores del cambio - Ética del cambio - Dinámica del cambio de cosmovisión - Implicaciones teológicas de este enfoque - Investigación y estudio.
520 _aAntropología para Christian Witness sirve como una introducción básica y completa al estudio de la antropología que ha sido diseñada específicamente para aquellos que planean carreras en la misión o el ministerio transcultural. El trabajo de Charles H. Kraft, autor del clásico cristianismo en la cultura, y ampliamente reconocido como uno de los más destacados antropólogos misioneros evangélicos, este nuevo trabajo representa la síntesis de toda una vida de enseñanza y estudio. Kraft trata los conceptos básicos, incluidas las teorías de la cultura y la sociedad; una evaluación de las distintas escuelas antropológicas; parentesco y estructura familiar, y comunicación intercultural.
563 _aRústico
650 0 _aMisiones
_9154
650 7 _9388
_aReligión y cultura
653 _aEtnología - Aspectos religiosos - Cristianismo.
653 _aCristianismo y cultura.
942 _cBK
945 _aJTF-925
999 _c66927
_d66927